Montréal Canadiens Leaders - Statistics

General Stats
  • This quiz has been taken 266 times
  • The average score is 54 of 100
Answer Stats
Stat Number Answer % Correct
Most Goals 358 Henri Richard
97%
Most Assists 688 Henri Richard
97%
Most Points 1046 Henri Richard
97%
Most Games Played 1258 Henri Richard
97%
Most Game Winning Goals 53 Henri Richard
97%
Most Goals 544 Maurice Richard
97%
Most Assists 422 Maurice Richard
97%
Most Points 966 Maurice Richard
97%
Most Games Played 978 Maurice Richard
97%
Most Game Winning Goals 84 Maurice Richard
97%
Most Games Played (Goalie) 712 Carey Price
96%
Most Wins 361 Carey Price
96%
Most Shutouts 49 Carey Price
96%
Best Career Save Percentage .917 Carey Price
96%
Best Career Goals Against Average 2.51 Carey Price
96%
Most Goals 518 Guy Lafleur
95%
Most Assists 728 Guy Lafleur
95%
Most Points 1246 Guy Lafleur
95%
Most Games Played 961 Guy Lafleur
95%
Most Game Winning Goals 94 Guy Lafleur
95%
Most Games Played (Goalie) 551 Patrick Roy
89%
Most Wins 289 Patrick Roy
89%
Most Shutouts 29 Patrick Roy
89%
Most Games Played (Goalie) 556 Jacques Plante
82%
Most Wins 314 Jacques Plante
82%
Most Shutouts 58 Jacques Plante
82%
Best Career Save Percentage .920 Jacques Plante
82%
Best Career Goals Against Average 2.22 Jacques Plante
82%
Most Goals 507 Jean Béliveau
81%
Most Assists 712 Jean Béliveau
81%
Most Points 1219 Jean Béliveau
81%
Most Games Played 1125 Jean Béliveau
81%
Most Game Winning Goals 83 Jean Béliveau
81%
Most Games Played (Goalie) 397 Ken Dryden
76%
Most Wins 258 Ken Dryden
76%
Most Shutouts 46 Ken Dryden
76%
Best Career Save Percentage .922 Ken Dryden
76%
Best Career Goals Against Average 2.24 Ken Dryden
76%
Most Assists 686 Larry Robinson
65%
Most Points 883 Larry Robinson
65%
Most Games Played 1202 Larry Robinson
65%
Most Games Played (Goalie) 353 José Théodore
57%
Most Wins 141 José Théodore
57%
Most Shutouts 23 José Théodore
57%
Best Career Save Percentage .911 José Théodore
57%
Most Assists 450 Saku Koivu
57%
Most Points 641 Saku Koivu
57%
Most Goals 408 Steve Shutt
52%
Most Points 776 Steve Shutt
52%
Most Game Winning Goals 49 Steve Shutt
52%
Most Goals 428 Yvan Cournoyer
52%
Most Assists 435 Yvan Cournoyer
52%
Most Points 863 Yvan Cournoyer
52%
Most Games Played 968 Yvan Cournoyer
52%
Most Game Winning Goals 68 Yvan Cournoyer
52%
Most Goals 371 Bernie Geoffrion
51%
Most Points 759 Bernie Geoffrion
51%
Most Game Winning Goals 73 Bernie Geoffrion
51%
Most Assists 453 Andrei Markov
43%
Most Games Played 990 Andrei Markov
43%
Most Games Played 1160 Bob Gainey
43%
Best Career Save Percentage .919 Jaroslav Halák
41%
Most Assists 408 Elmer Lach
34%
Most Goals 366 Jacques Lemaire
32%
Most Assists 469 Jacques Lemaire
32%
Most Points 835 Jacques Lemaire
32%
Most Game Winning Goals 58 Jacques Lemaire
32%
Most Games Played (Goalie) 318 George Hainsworth
31%
Most Wins 167 George Hainsworth
31%
Most Shutouts 75 George Hainsworth
31%
Best Career Goals Against Average 1.78 George Hainsworth
31%
Most Games Played 984 Tomáš Plekanec
31%
Best Career Save Percentage .920 Cristobal Huet
29%
Best Career Goals Against Average 2.53 Cristobal Huet
29%
Most Game Winning Goals 51 Dickie Moore
29%
Most Games Played (Goalie) 383 Bill Durnan
21%
Most Wins 208 Bill Durnan
21%
Most Shutouts 34 Bill Durnan
21%
Best Career Goals Against Average 2.36 Bill Durnan
21%
Best Career Save Percentage .914 Gump Worsley
21%
Best Career Goals Against Average 2.40 Gump Worsley
21%
Most Goals 258 Mario Tremblay
21%
Best Career Save Percentage .913 Rogie Vachon
18%
Most Goals 269 Aurèle Joliat
16%
Most Game Winning Goals 65 Aurèle Joliat
14%
Most Games Played (Goalie) 231 Michel Larocque
10%
Most Wins 144 Michel Larocque
10%
Most Games Played 1005 Claude Provost
9%
Most Games Played (Goalie) 237 Charlie Hodge
7%
Most Wins 119 Charlie Hodge
7%
Most Shutouts 21 Charlie Hodge
7%
Best Career Save Percentage .912 Charlie Hodge
7%
Best Career Goals Against Average 2.46 Charlie Hodge
7%
Most Games Played (Goalie) 276 Gerry McNeil
7%
Most Wins 119 Gerry McNeil
7%
Most Shutouts 28 Gerry McNeil
7%
Best Career Goals Against Average 2.34 Gerry McNeil
7%
Best Career Save Percentage .912 Jeff Hackett
7%
Best Career Goals Against Average 2.53 Jeff Hackett
7%
Most Shutouts 18 Wilf Cude
3%
No matching quizzes found
Score Distribution
Percent of People with Each Score
Percentile by Number Answered
Your Score History
You have not taken this quiz